=LDR 00000nam 2200000 4500 =001 NUTBA000000000000375 =005 20200224013040 =035 ##$$a 0010-031400000000374 =008 200224###########################0###### =040 ##$$a Ind =082 ##$$a 612.7 =090 ##$$a 612.7$bSet f =100 ##$$a Aris setiawan =245 1#$$a Fisiologi tubuh manusia untuk mahasiswa kebidanan /$c Aris setiawan =250 ##$$a Cet.1 =260 ##$$a Jakarta :$b Tim,$c 2009. =300 ##$$a X,235 HLm : $b Ilus ; $c 21 cm. =500 ##$$a Bibliografi : Hlm237 - 239 =650 #4$$a FISIOLOGI MANUSIA - STUDI DAN PENGAJARAN. =850 ##$$a NBPNMAT =990 ##$$a 91038/BPAP-NTB/2014 =990 ##$$a 0001/BPAP-NTB/20142014 =990 ##$$a 0001/BPAP-NTB/20142015 =990 ##$$a 01201708629